Coffee and Power in El Salvador /
Guardado en:
| Autor principal: | |
|---|---|
| Formato: | Texto |
| Materias: | |
| Etiquetas: |
Agregar Etiqueta
Sin Etiquetas, Sea el primero en etiquetar este registro!
|
MARC
| LEADER | 00000 a a2200000 04500 | ||
|---|---|---|---|
| 001 | 42966 | ||
| 003 | |||
| 040 | |||
| 100 | |a Paige, Jeffery M. | ||
| 245 | |a Coffee and Power in El Salvador / |c Jeffery M. Paige | ||
| 650 | |a HISTORIA ECONOMICA | ||
| 650 | |a CAFE | ||
| 650 | |a EL SALVADOR | ||
| 650 | |a AGROINDUSTRIA | ||
| 650 | |a DEMOCRACIA | ||
| 650 | |a DERECHOS HUMANOS | ||
| 773 | |g volumen28, número3, 1993, páginas 7-40 | ||
| 999 | |c 37422 |d 37422 | ||
